<?xml version="1.0" encoding="UTF-8"?>
<collection xmlns="http://www.loc.gov/MARC21/slim">
  <record>
    <leader>00000nam  2200000   4500</leader>
    <controlfield tag="001">INLIS000000000012039</controlfield>
    <controlfield tag="005">20220321022512</controlfield>
    <datafield tag="035" ind1="#" ind2="#">
      <subfield code="a">0010-0322000268</subfield>
    </datafield>
    <datafield tag="245" ind1="1" ind2="#">
      <subfield code="a">PENINGKATAN KUALITAS PELAYANAN PUBLIK DI KANTOR CAMAT MUARA ANCALONG, KABUPATEN KUTAI TIMUR DENGAN METODE SI PERI (SISTEM PENGARAHAN, RENOVASI DAN INOVASI /</subfield>
      <subfield code="c">Muhammad Muhir.,ST.MT.</subfield>
    </datafield>
    <datafield tag="100" ind1="1" ind2="#">
      <subfield code="a">MUHIR, Muhammad</subfield>
    </datafield>
    <datafield tag="250" ind1="#" ind2="#">
      <subfield code="a">1</subfield>
    </datafield>
    <datafield tag="300" ind1="#" ind2="#">
      <subfield code="a">59 halaman; lampiran :</subfield>
      <subfield code="b">ilustrasi ;</subfield>
      <subfield code="c">30 cm</subfield>
    </datafield>
    <datafield tag="260" ind1="#" ind2="#">
      <subfield code="a">Samarinda :</subfield>
      <subfield code="b">Puslatbang KDOD,</subfield>
      <subfield code="c">2021</subfield>
    </datafield>
    <datafield tag="084" ind1="#" ind2="#">
      <subfield code="a">PKA 065 2021</subfield>
    </datafield>
    <datafield tag="650" ind1="#" ind2="4">
      <subfield code="a">Proyek Perubahan</subfield>
    </datafield>
    <datafield tag="650" ind1="#" ind2="4">
      <subfield code="a">Administrator</subfield>
    </datafield>
    <datafield tag="650" ind1="#" ind2="4">
      <subfield code="a">sistem informasi</subfield>
    </datafield>
    <datafield tag="650" ind1="#" ind2="4">
      <subfield code="a">peningkatan kinerja</subfield>
    </datafield>
    <datafield tag="650" ind1="#" ind2="4">
      <subfield code="a">kinerja pegawai</subfield>
    </datafield>
    <datafield tag="650" ind1="#" ind2="4">
      <subfield code="a">fasilitas pemerintahan</subfield>
    </datafield>
    <datafield tag="650" ind1="#" ind2="4">
      <subfield code="a">pedoman SOP</subfield>
    </datafield>
    <datafield tag="520" ind1="#" ind2="#">
      <subfield code="a">Laporan proyek perubahan ini menjelaskan bagaimana kinerja pelayanan publik berperan besar dalam masyarakat sehingga memperbaiki sistem kerja, meningkatkan sumber daya manusia yang handal, serta fasilitas yang memadai menjadi target tercapainya kepuasan pelayanan publik di Kecamatan Muara Ancalong.  Proyek Perubahan SI PERI (Sistem Pengarahan, Renovasi dan Inovasi) terdiri dari pemberian pengarahan secara insentif berkelanjutan dengan rapat koordinasi dengan konsep coffee morning berstandar protokol kesehatan, melakukan renovasi bangunan kantor kecamatan dengan melengkapi sarana dan prasana pelayanan, dan program inovasi dalam pembuatan SOP baru pelayanan publik kantor camat .</subfield>
    </datafield>
    <datafield tag="500" ind1="#" ind2="#">
      <subfield code="a">Coach : Ika Retna Ningrum&#13;
Penguji : Windra Mariani&#13;
Mentor : Sabran, S.Sos</subfield>
    </datafield>
    <datafield tag="990" ind1="#" ind2="#">
      <subfield code="a">PKA/065/2021</subfield>
    </datafield>
  </record>
</collection>
